| Tag |
First Indicator |
Second Indicator |
Subfields |
| LEADER |
00000cam a2200000 a 4500 |
| 001 |
in00000088172 |
| 005 |
20151008065043.0 |
| 008 |
820408c19821981nyua 00010 eng |
| 010 |
|
|
|a 81052313
|
| 020 |
|
|
|a 0810913402
|
| 035 |
|
|
|a (OCoLC)08266323
|
| 035 |
|
|
|9 AAK5274AM
|
| 039 |
0 |
|
|a 2
|b 3
|c 3
|d 3
|e 3
|
| 040 |
|
|
|a DLC
|c DLC
|d TXA
|d UtOrBLW
|
| 043 |
|
|
|a e-uk-en
|
| 049 |
|
|
|a TXAM
|c [1272362]
|
| 050 |
0 |
0 |
|a NB71.L6
|b B75 1982
|
| 082 |
0 |
|
|a 730/.74/02142
|2 19
|
| 100 |
1 |
|
|a Moore, Henry,
|d 1898-1986.
|
| 245 |
1 |
0 |
|a Henry Moore at the British Museum /
|c by Henry Moore ; photographs by David Finn.
|
| 264 |
|
1 |
|a New York :
|b H.N. Abrams,
|c 1982
|
| 264 |
|
4 |
|c ©1981
|
| 300 |
|
|
|a 128 pages :
|b illustrations ;
|c 29 cm.
|
| 336 |
|
|
|a text
|b txt
|2 rdacontent
|
| 337 |
|
|
|a unmediated
|b n
|2 rdamedia
|
| 338 |
|
|
|a volume
|b nc
|2 rdacarrier
|
| 600 |
1 |
0 |
|a Moore, Henry,
|d 1898-1986.
|
| 610 |
2 |
0 |
|a British Museum.
|
| 650 |
|
0 |
|a Sculpture, Ancient.
|
| 650 |
|
0 |
|a Sculpture, Primitive.
|
| 650 |
|
0 |
|a Sculpture
|z England
|z London.
|
| 700 |
1 |
|
|a Finn, David.
|
| 999 |
|
|
|a MARS
|
| 999 |
f |
f |
|s 60c9ceb3-ecda-3176-954b-16f640cbd452
|i 3e38217c-e544-3d2d-a5e3-b7a9c7f96d9f
|t 0
|
| 952 |
f |
f |
|p normal
|a Texas A&M University
|b College Station
|c Sterling C. Evans Library
|d Evans: Library Stacks
|t 0
|e NB71.L6 B75 1982
|h Library of Congress classification
|i unmediated -- volume
|m A14806168918
|
| 998 |
f |
f |
|a NB71.L6 B75 1982
|t 0
|l Evans: Library Stacks
|